Молекулярная физика в жизни, технике и природе: учебное пособие

Dades bibliogràfiques
Autor principal: Сытин В. Г. Василий Григорьевич
Sumari:Назначение пособия — быть книгой для чтения в помощь учебным занятиям по молекулярной физике в педагогическом вузе. Рассмотрены исторические и прикладные вопросы молекулярной физики. Указаны явления молекулярной физики, возникающие из обыденных наблюдений в жизни и природе, а также применяемые в технике и науке.Для студентов-физиков, обучающихся по направлению «Пе­дагогическое образование».
Idioma:rus
Publicat: Санкт-Петербург, Лань, 2016
Col·lecció:Учебники для вузов. Специальная литература
Matèries:
Format: MixedMaterials Llibre
KOHA link:https://koha.lib.tpu.ru/cgi-bin/koha/opac-detail.pl?biblionumber=319110

MARC

LEADER 00000nam0a2200000 4500
001 319110
005 20231102003140.0
010 |a 9785811418909 
035 |a (RuTPU)RU\TPU\book\344615 
090 |a 319110 
100 |a 20160519d2016 m y0rusy50 ca 
101 0 |a rus 
102 |a RU 
105 |a a j 001zy 
200 1 |a Молекулярная физика в жизни, технике и природе  |e учебное пособие  |f В. Г. Сытин 
210 |a Санкт-Петербург  |c Лань  |d 2016 
215 |a 624 с.  |c ил. 
225 1 |a Учебники для вузов. Специальная литература 
320 |a Библиогр.: с. 588-601 
320 |a Имен. указ.: с. 606-609 
320 |a Предм. указ.: с. 610-616 
330 |a Назначение пособия — быть книгой для чтения в помощь учебным занятиям по молекулярной физике в педагогическом вузе. Рассмотрены исторические и прикладные вопросы молекулярной физики. Указаны явления молекулярной физики, возникающие из обыденных наблюдений в жизни и природе, а также применяемые в технике и науке.Для студентов-физиков, обучающихся по направлению «Пе­дагогическое образование». 
606 1 |a Молекулярная физика  |2 stltpush  |3 (RuTPU)RU\TPU\subj\44299  |9 63655 
610 1 |a физика 
610 1 |a молекулярно-кинетическая теория 
610 1 |a газы 
610 1 |a работа 
610 1 |a теплота 
610 1 |a термодинамика 
610 1 |a реальные газы 
610 1 |a фазовые переходы 
610 1 |a жидкости 
610 1 |a твердые тела 
610 1 |a атомы 
610 1 |a периодическая система элементов 
610 1 |a броуновское движение 
610 1 |a температурные шкалы 
610 1 |a термофрезы 
610 1 |a газовые законы 
610 1 |a температура 
610 1 |a термодиффузия 
610 1 |a химическая энергия 
610 1 |a энтропия 
610 1 |a топливо 
610 1 |a пища 
610 1 |a энергия 
610 1 |a снег 
610 1 |a облака 
610 1 |a гейзеры 
610 1 |a лед 
610 1 |a туманы 
610 1 |a кристаллы 
610 1 |a поверхностное натяжение 
610 1 |a вода 
610 1 |a песок 
610 1 |a металлы 
610 1 |a техника 
610 1 |a природа 
610 1 |a техника 
610 1 |a учебные пособия 
675 |a 539.19(075.8)  |v 4 
700 1 |a Сытин  |b В. Г.  |g Василий Григорьевич 
801 1 |a RU  |b 63413507  |c 20160519 
801 2 |a RU  |b 63413507  |c 20160915  |g RCR 
900 |a Молекулярная физика 
942 |c BK 
959 |a 40/20160511  |d 1  |e 1570,80  |f ЧЗТЛ:1